Các giải pháp kiến trúc khí hậu Việt Nam

Sách giới thiệu một cách có hệ thống những kiến thức về khoa học kiến trúc khí hậu và trình bày các phương pháp kỹ thuật gần đúng và đơn giản về kiến trúc vi khí hậu cho các công trình xây dựng ở Việt Nam (kết cấu chống lạnh, chố...

詳細記述

保存先:
書誌詳細
第一著者: Phạm Đức Nguyên
フォーマット: 図書
言語:Undetermined
出版事項: Hà Nội KHKT 1998
主題:
タグ: タグ追加
タグなし, このレコードへの初めてのタグを付けませんか!
Thư viện lưu trữ: Trung tâm Học liệu Trường Đại học Cần Thơ
LEADER 01153nam a2200205Ia 4500
001 CTU_27923
008 210402s9999 xx 000 0 und d
020 |b 26.000đ 
082 |a 697.3 
082 |b Ng527 
100 |a Phạm Đức Nguyên 
245 0 |a Các giải pháp kiến trúc khí hậu Việt Nam 
245 0 |c Phạm Đức Nguyên, Nguyễn Thu Hòa, Trần Quốc Bảo 
260 |a Hà Nội 
260 |b KHKT 
260 |c 1998 
520 |a Sách giới thiệu một cách có hệ thống những kiến thức về khoa học kiến trúc khí hậu và trình bày các phương pháp kỹ thuật gần đúng và đơn giản về kiến trúc vi khí hậu cho các công trình xây dựng ở Việt Nam (kết cấu chống lạnh, chống nóng, che nắng, thông gió, sử dụng cây xanh, mặt nước, thiên nhiên...). 
650 |a buildings - environmental engineering 
904 |i Minh, 990109 ( Năm sửa SPL 697.3 thành 720.47) 
980 |a Trung tâm Học liệu Trường Đại học Cần Thơ